UBT Library

Engineering electromagnetics / (Record no. 2509)

000 -LEADER
fixed length control field 00681nam a22002537a 4500
001 - CONTROL NUMBER
control field 16581058
003 - CONTROL NUMBER IDENTIFIER
control field OSt
005 - DATE AND TIME OF LATEST TRANSACTION
control field 20161228050049.0
008 - FIXED-LENGTH DATA ELEMENTS--GENERAL INFORMATION
fixed length control field 101216s2012 nyua b 001 0 eng
020 ## - INTERNATIONAL STANDARD BOOK NUMBER
International Standard Book Number 9780073380667
040 ## - CATALOGING SOURCE
Transcribing agency HAY
041 ## - LANGUAGE CODE
Language code of text/sound track or separate title eng
082 00 - DEWEY DECIMAL CLASSIFICATION NUMBER
Classification number 621.3
100 1# - MAIN ENTRY--PERSONAL NAME
Personal name Hayt, William Hart,
Dates associated with a name 1920-
245 10 - TITLE STATEMENT
Title Engineering electromagnetics /
Statement of responsibility, etc William H. Hayt, Jr., John A. Buck.
250 ## - EDITION STATEMENT
Edition statement 8th ed.
260 ## - PUBLICATION, DISTRIBUTION, ETC. (IMPRINT)
Place of publication, distribution, etc New York, NY :
Name of publisher, distributor, etc McGraw-Hill,
Date of publication, distribution, etc 2012.
300 ## - PHYSICAL DESCRIPTION
Extent 593 p. :
Other physical details me il. ;
Dimensions 24 cm.
440 ## - SERIES STATEMENT/ADDED ENTRY--TITLE
Number of part/section of a work Engineering electromagnetics
504 ## - BIBLIOGRAPHY, ETC. NOTE
Bibliography, etc Index f.580-593
650 #0 - SUBJECT ADDED ENTRY--TOPICAL TERM
Topical term or geographic name as entry element Electromagnetic theory.
700 1# - ADDED ENTRY--PERSONAL NAME
Personal name Buck, John A.
942 ## - ADDED ENTRY ELEMENTS (KOHA)
Source of classification or shelving scheme
Koha item type Books
Holdings
Withdrawn status Lost status Source of classification or shelving scheme Damaged status Not for loan Collection code Permanent Location Current Location Shelving location Date acquired Total Checkouts Full call number Barcode Date last seen Price effective from Koha item type
          Koleksioni i përgjithshem UBT - Lipjan UBT - Lipjan Koleksioni i përgjithshem 12/28/2016   621.3 HAY 002-035734 12/28/2016 12/28/2016 Books
UBT Library © 2015-2024. All rights reserved University Education for Business and Technology